Music Quiz

Random Music or Lyrics Quiz
Score 0/267 Timer 10:00
0 Plays Today
% Correct
a
99.3%
you
98.8%
you
98.8%
you
98.8%
you
98.8%
you
98.8%
you
98.8%
You
98.8%
you
98.8%
you
98.8%
you
98.8%
You
98.8%
you
98.8%
you
98.8%
you
98.8%
you
98.8%
You
98.8%
you
98.8%
you
98.8%
you
98.8%
You
98.8%
you,
98.8%
you?
98.8%
you
98.8%
you
98.8%
you
98.8%
you
98.8%
you
98.8%
you
98.8%
I
98.2%
I
98.2%
I
98.2%
I
98.2%
I
98.2%
I
98.2%
I
98.2%
cooler
97.7%
me
97.7%
cooler
97.7%
me
97.7%
cooler
97.7%
me
97.7%
than
97.4%
than
97.4%
than
97.4%
your
97%
your
97%
your
97%
your
97%
your
97%
your
97%
your
97%
your
97%
to
96%
to
96%
to
96%
think
95.9%
think
95.9%
think
95.9%
think
95.9%
think
95.9%
you're
95.4%
you're
95.4%
you're
95.4%
You're
95.4%
my
94.6%
my
94.6%
my
94.6%
my
94.6%
in
92.6%
shh
92.6%
pshht,
92.6%
in
92.6%
in
92.6%
in
92.6%
in
92.6%
in
92.6%
like
92.3%
like
92.3%
like
92.3%
like
92.3%
Like
92.3%
that
92.1%
that
92.1%
that
92.1%
that
92.1%
that
92.1%
that
92.1%
That
92.1%
% Correct
make
91.4%
make
91.4%
make
91.4%
so
91.3%
got
90.9%
got
90.9%
got
90.9%
got
90.9%
got
90.9%
probably
89.6%
probably
89.6%
probably
89.6%
probably
89.6%
we
89.3%
If
89%
have
88.5%
love
88.3%
And
88.3%
And
88.3%
And
88.3%
And
88.3%
song
88.1%
But
88.1%
But
88.1%
song
88.1%
but
88.1%
But
88.1%
the
87.8%
the
87.8%
the
87.8%
the
87.8%
write
87.6%
could
87.5%
fall
87.3%
all
87.3%
all
87.3%
all
87.3%
already
87.1%
would
87%
under
86.7%
arm
86%
around
85.8%
around
85.8%
just
85.7%
just
85.7%
'em
85.3%
'em
85.3%
this
85.2%
this
85.2%
this
85.2%
wear
85%
wear
85%
face
84.7%
hide
84%
do
84%
it
83.7%
it
83.7%
up
83.4%
up
83.4%
shades
83.4%
up
83.4%
up,
83.4%
up)
83.4%
up
83.4%
up,
83.4%
designer
80.9%
won't,
80.7%
no
80.2%
used
79.7%
hope
79.6%
don't
79.6%
don't
79.6%
don't
79.6%
don't
79.6%
(don't
79.6%
know
79.2%
know
79.2%
know)
79.2%
Know
79.2%
(Know
79.2%
cause
77.3%
cause
77.3%
Cause
77.3%
out
76.8%
out
76.8%
name
76.4%
say
76.1%
remember
75.9%
of
75.6%
% Correct
never
75.6%
hey
75.3%
it's
75.3%
figured
75.3%
tricks,
74%
is
74%
is
74%
is
74%
is
74%
is
74%
or
72.5%
Or
72.5%
noise,
71%
much
70.7%
are
70.3%
are?
70.3%
When
70.2%
See,
70.2%
When
70.2%
see
70.2%
on
69.2%
eyes
67.4%
look
67.1%
who
67.1%
Who
67.1%
look
67.1%
steps
66.6%
way
65.7%
feel
64.9%
shoes
64.3%
everyone's
63.9%
seen
63.6%
high
63.4%
ain't
62.4%
them
61.8%
****
60.6%
feet
59.1%
need
59%
even
58.5%
about
56.5%
brow,
55.7%
Behind
52.9%
knows
52.1%
nobody
51.4%
head
42.3%
clouds
40.5%
what's
20.4%
what's
20.4%
Now
20.1%
can
20.1%
seems
18.9%
act
18.5%
sure
17.5%
I'm
16%
I'm
16%
She
14.8%
she
14.8%
how
14.3%
doubts
14.2%
nose
11%
Was
10.9%
give
9.1%
dare
7.9%
summer
7.6%
summer
7.6%
winter
7.2%
winter,
7.2%
fine,
6.1%
approachin'
5.9%
bored
5.9%
Dior
5.9%
(Dior)
5.9%
deep
5.6%
pockets
5.6%
Tryna
5.4%
shallow
5.4%
Primadonna,
5.4%
December
5.3%
fake
5.1%
Miami
5.1%
found
5.1%
reminder
5.1%
yup
4.9%
actin'
4.9%
finer
4.9%
yup
4.9%
'til
4.8%
Mrs.
4.6%
Sean,
4.4%
Remove Ads.
Support Sporcle.
Get the best of Sporcle when you Go Orange. This ad-free experience offers more features, more stats, and more fun while also helping to support Sporcle. Thank you for becoming a member.

You're not logged in!

Compare scores with friends on all Sporcle quizzes.
OR
Log In

Show Comments

Extras

Top Quizzes Today


Score Distribution

Your Account Isn't Verified!

In order to create a playlist on Sporcle, you need to verify the email address you used during registration. Go to your Sporcle Settings to finish the process.

Report this User

Report this user for behavior that violates our Community Guidelines.

Details: